[Event "15th EUR-ch (w)"]
[Site "Plovdiv BUL"]
[Date "2014.07.16"]
[Round "10.21"]
[White "Belenkaya, Dina"]
[Black "Bulmaga, Irina"]
[Result "1/2-1/2"]
[WhiteElo "2223"]
[BlackElo "2357"]
[EventDate "2014.07.06"]
[PlyCount "225"]

1.e4 d6 2.d4 Nf6 3.Nc3 e5 4.Nf3 Nbd7 5.Bc4 Be7 6.a4 O-O 7.a5 exd4 8.Qxd4 
Nc5 9.h3 Be6 10.Bxe6 Nxe6 11.Qc4 c6 12.O-O Qc7 13.Be3 b5 14.axb6 axb6 15.
Nd4 Nxd4 16.Qxd4 b5 17.Bg5 h6 18.Bh4 c5 19.Qe3 Qb7 20.Bg3 b4 21.Nd5 Nxd5 
22.exd5 Qd7 23.Qf4 Rfd8 24.Rfe1 Ra7 25.Qg4 Rxa1 26.Rxa1 Qb7 27.Qc4 Bf6 28.
Ra6 Qe7 29.b3 Qe1+ 30.Qf1 Qe7 31.Qd3 Bd4 32.Qf5 g6 33.Qf4 Be5 34.Qxh6 Bxg3
35.fxg3 Qe5 36.Qf4 Qxd5 37.Qf6 Qd1+ 38.Kh2 Re8 39.Rxd6 Qxc2 40.Rd5 c4 41.
Rd7 Rf8 42.Rd4 Qc3 43.h4 Qe3 44.Rxc4 Qxb3 45.Qf4 Qd1 46.Rxb4 Re8 47.Qf6 
Qe2 48.Rb7 Qe6 49.Qxe6 Rxe6 50.g4 Kg7 51.g5 Re3 52.g3 Re2+ 53.Kh3 Re1 54.
Kg2 Re2+ 55.Kh3 Re1 56.Rb2 Rh1+ 57.Rh2 Ra1 58.Rf2 Ra3 59.Kg2 Ra4 60.Rf4 
Ra2+ 61.Kh3 Ra3 62.Kg2 Ra2+ 63.Rf2 Ra4 64.Rf3 Ra2+ 65.Kh3 Ra1 66.Rf2 Ra3 
67.Kh2 Ra4 68.Rg2 Rb4 69.g4 Ra4 70.Kh3 Ra5 71.Rg3 Rb5 72.Re3 Ra5 73.Kg3 
Rb5 74.Kf4 Rb4+ 75.Re4 Rb1 76.h5 Rf1+ 77.Kg3 gxh5 78.gxh5 Rg1+ 79.Kf4 Rh1 
80.Kg4 Rg1+ 81.Kf5 Rf1+ 82.Rf4 Ra1 83.h6+ Kg8 84.Rf3 Ra5+ 85.Kg4 Ra4+ 86.
Kh5 Ra1 87.Rf4 Rh1+ 88.Kg4 Rg1+ 89.Kf5 Ra1 90.Re4 Rf1+ 91.Ke5 Ra1 92.Re3 
Rg1 93.Kf6 Rf1+ 94.Ke5 Rg1 95.Kf4 Rf1+ 96.Rf3 Ra1 97.Kf5 Ra5+ 98.Kg4 Ra1 
99.Rf2 Rg1+ 100.Kf5 Ra1 101.Rf4 Ra5+ 102.Kg4 Ra1 103.Rf3 Rg1+ 104.Rg3 Ra1 
105.Kh4 Rh1+ 106.Rh3 Rg1 107.Rh2 f6 108.gxf6 Rg6 109.Rf2 Rxh6+ 110.Kg5 Rh1
111.Kf5 Kf7 112.Rf4 Rg1 113.Rf3 1/2-1/2

[Event "15th EUR-ch (w)"]
[Site "Plovdiv BUL"]
[Date "2014.07.16"]
[Round "10.22"]
[White "Kocetkova, Julia"]
[Black "Ibrahimova, Sabina"]
[Result "1-0"]
[WhiteElo "2333"]
[BlackElo "2218"]
[EventDate "2014.07.06"]
[PlyCount "81"]

1.e4 c5 2.Nf3 Nc6 3.d4 cxd4 4.Nxd4 g6 5.Nc3 Bg7 6.Nde2 Nf6 7.g3 O-O 8.Bg2 
d6 9.O-O Be6 10.h3 Bc4 11.a4 d5 12.exd5 Nb4 13.d6 Qxd6 14.Qxd6 exd6 15.Bf4
Rfe8 16.Bxb7 Rad8 17.Bf3 Nxc2 18.Rac1 Nb4 19.b3 Ba6 20.Be3 Rd7 21.Rfd1 d5 
22.Nf4 Red8 23.Bd4 Bb7 24.Bg2 g5 25.Nfe2 Ba8 26.Be3 h6 27.Nb5 Nc6 28.Nbd4 
Ne7 29.b4 Ne4 30.b5 Rd6 31.Rc7 R6d7 32.Rdc1 Nd6 33.Nb3 Nec8 34.Na5 Bb2 35.
R1c2 Bf6 36.Nd4 Nc4 37.Rxd7 Rxd7 38.Nxc4 dxc4 39.Bxa8 Bxd4 40.Rxc4 Nb6 41.
Rxd4 1-0

[Event "15th EUR-ch (w)"]
[Site "Plovdiv BUL"]
[Date "2014.07.16"]
[Round "10.23"]
[White "Mammadzada, Gunay"]
[Black "Kursova, Maria"]
[Result "1/2-1/2"]
[WhiteElo "2182"]
[BlackElo "2331"]
[EventDate "2014.07.06"]
[PlyCount "127"]

1.e4 c5 2.Nf3 e6 3.d4 cxd4 4.Nxd4 Nc6 5.Nb5 d6 6.Bf4 e5 7.Be3 Nf6 8.Bg5 a6
9.Bxf6 gxf6 10.N5c3 Be6 11.Nd2 b5 12.a4 b4 13.Nd5 f5 14.Bc4 Bh6 15.exf5 
Bxf5 16.Ne3 Bg6 17.O-O O-O 18.Bd5 Rc8 19.Ndc4 Kh8 20.c3 bxc3 21.bxc3 Rc7 
22.Qf3 Ne7 23.Rfd1 Nxd5 24.Qxd5 Bxe3 25.fxe3 Bc2 26.Rd2 Bb3 27.Qxd6 Qxd6 
28.Nxd6 Rxc3 29.Kf2 Kg8 30.Ra3 Rd8 31.Ne4 Rxd2+ 32.Nxd2 Rc2 33.Rxb3 Rxd2+ 
34.Kg3 Ra2 35.Rb4 Kg7 36.e4 f6 37.Kf3 Kg6 38.h3 Kg5 39.Rc4 h5 40.g3 Ra3+ 
41.Kf2 a5 42.Kg2 h4 43.gxh4+ Kxh4 44.Rc6 Kg5 45.h4+ Kg4 46.Rxf6 Ra2+ 47.
Kf1 Rxa4 48.h5 Rxe4 49.h6 Kg5 50.h7 Rh4 51.Ra6 Rxh7 52.Rxa5 Kf4 53.Ra4+ e4
54.Ra3 Rb7 55.Rc3 Rb1+ 56.Ke2 Rb2+ 57.Ke1 Rg2 58.Ra3 e3 59.Ra8 Rg5 60.Ke2 
Rg2+ 61.Ke1 Kf3 62.Rf8+ Ke4 63.Re8+ Kd3 64.Rd8+ 1/2-1/2

[Event "15th EUR-ch (w)"]
[Site "Plovdiv BUL"]
[Date "2014.07.16"]
[Round "10.24"]
[White "Mammadova, Gulnar"]
[Black "Mamedyarova, Turkan"]
[Result "1/2-1/2"]
[WhiteElo "2331"]
[BlackElo "2205"]
[EventDate "2014.07.06"]
[PlyCount "28"]

1.e4 e5 2.Nf3 Nc6 3.Bc4 Bc5 4.c3 Nf6 5.d3 d6 6.O-O O-O 7.Bb3 a6 8.Nbd2 Ba7
9.Re1 Ng4 10.Rf1 Nf6 11.Re1 Ng4 12.Rf1 Nf6 13.Re1 Ng4 14.Rf1 Nf6 1/2-1/2

[Event "15th EUR-ch (w)"]
[Site "Plovdiv BUL"]
[Date "2014.07.16"]
[Round "10.25"]
[White "Stiazhkina, Olga"]
[Black "Ovod, Evgenia"]
[Result "1/2-1/2"]
[WhiteElo "2177"]
[BlackElo "2330"]
[EventDate "2014.07.06"]
[PlyCount "105"]

1.e4 c5 2.Nc3 a6 3.g3 b5 4.Bg2 Bb7 5.Nge2 e6 6.d4 cxd4 7.Nxd4 Nf6 8.Qd3 b4
9.Nce2 d5 10.exd5 Nxd5 11.O-O Nd7 12.c4 bxc3 13.bxc3 Rc8 14.Rb1 Nc5 15.Qd1
Ba8 16.c4 Nf6 17.Bxa8 Rxa8 18.Ba3 Qc7 19.Nf4 Nfd7 20.Re1 Rc8 21.Ndxe6 fxe6
22.Nxe6 Nxe6 23.Qh5+ Kd8 24.Rxe6 Bxa3 25.Qg5+ Nf6 26.Rd1+ Qd7 27.Rxd7+ 
Kxd7 28.Rxa6 Bf8 29.Qf5+ Kc7 30.c5 h5 31.c6 Kd8 32.Qe6 Bc5 33.Qe5 Bxf2+ 
34.Kg2 h4 35.Qd6+ Ke8 36.Qe6+ Kd8 37.Kxf2 hxg3+ 38.hxg3 Rh2+ 39.Kf3 Rc2 
40.g4 Rc3+ 41.Kf4 g5+ 42.Kxg5 Nh7+ 43.Kf4 Rf3+ 44.Ke5 Re3+ 45.Kd6 Rxe6+ 
46.Kxe6 Ng5+ 47.Kf5 Nf3 48.Ke4 Ng5+ 49.Kd5 Rb8 50.a4 Rb4 51.Ra8+ Kc7 52.
Ra7+ Kb8 53.Rb7+ 1/2-1/2

[Event "15th EUR-ch (w)"]
[Site "Plovdiv BUL"]
[Date "2014.07.16"]
[Round "10.26"]
[White "Stetsko, Lanita"]
[Black "Peptan, Corina-Isabela"]
[Result "1-0"]
[WhiteElo "2245"]
[BlackElo "2453"]
[EventDate "2014.07.06"]
[PlyCount "63"]

1.e4 c5 2.Nc3 e6 3.Nf3 Nc6 4.d4 cxd4 5.Nxd4 Qc7 6.Be2 a6 7.Be3 Nf6 8.O-O 
Bb4 9.Na4 O-O 10.c4 Bd6 11.g3 Nxe4 12.c5 Be7 13.Nxc6 bxc6 14.Qd4 f5 15.Bf4
Qa7 16.Rac1 d6 17.Qe3 e5 18.cxd6 exf4 19.Bc4+ Kh8 20.dxe7 Qxe7 21.Qxf4 Bb7
22.f3 Ng5 23.Kg2 c5 24.Rce1 Bxf3+ 25.Qxf3 Qc7 26.Qd5 Rfd8 27.Qxf5 Qc6+ 28.
Kg1 h6 29.Nc3 Rf8 30.Qxf8+ Rxf8 31.Rxf8+ Kh7 32.Bd3+ 1-0

[Event "15th EUR-ch (w)"]
[Site "Plovdiv BUL"]
[Date "2014.07.16"]
[Round "10.27"]
[White "Foisor, Mihaela-Veronica"]
[Black "Zawadzka, Jolanta"]
[Result "0-1"]
[WhiteElo "2257"]
[BlackElo "2397"]
[EventDate "2014.07.06"]
[PlyCount "118"]

1.d4 d5 2.c4 e6 3.Nc3 c6 4.e4 dxe4 5.Nxe4 Bb4+ 6.Nc3 Nf6 7.Nf3 O-O 8.Bd3 
c5 9.a3 Ba5 10.O-O cxd4 11.Nb5 Nc6 12.Nbxd4 Nxd4 13.Nxd4 e5 14.Nb3 Bc7 15.
f3 e4 16.Bxe4 Nxe4 17.Qxd8 Rxd8 18.fxe4 Be6 19.Bf4 Bxf4 20.Rxf4 Bxc4 21.
Na5 Ba6 22.Rc1 Rac8 23.Rxc8 Rxc8 24.g3 Rc1+ 25.Kg2 b6 26.Nb3 Rd1 27.Rf2 
Bb7 28.Rd2 Bxe4+ 29.Kf2 Rxd2+ 30.Nxd2 Bc6 31.Nc4 f6 32.Nd6 Bd7 33.Ke3 Kf8 
34.Kd4 Ke7 35.Kd5 g6 36.b4 g5 37.Ne4 h6 38.Nc3 Be8 39.a4 Kd7 40.g4 Bf7+ 
41.Ke4 Bg6+ 42.Kd5 h5 43.h3 h4 44.a5 Bd3 45.axb6 axb6 46.Kd4 Bf1 47.Ne4 
Ke6 48.Nf2 f5 49.Ke3 Bg2 50.gxf5+ Kxf5 51.Ke2 Kf4 52.b5 g4 53.hxg4 h3 54.
g5 Kxg5 55.Ke3 h2 56.Kd4 Kf5 57.Ke3 h1=Q 58.Nxh1 Bxh1 59.Kd4 Be4 0-1

[Event "15th EUR-ch (w)"]
[Site "Plovdiv BUL"]
[Date "2014.07.16"]
[Round "10.30"]
[White "Cosma, Elena-Luminita"]
[Black "Petrenko, Svetlana"]
[Result "1-0"]
[WhiteElo "2344"]
[BlackElo "2183"]
[EventDate "2014.07.06"]
[PlyCount "77"]

1.d4 Nf6 2.Nf3 e6 3.c4 b6 4.g3 Bb7 5.Bg2 g6 6.O-O Bg7 7.Nc3 Ne4 8.Nxe4 
Bxe4 9.Bg5 f6 10.Be3 O-O 11.Qd2 Nc6 12.Rac1 a5 13.d5 exd5 14.cxd5 Nb4 15.
d6 c6 16.a3 Nd5 17.Bd4 Re8 18.Nh4 Bxg2 19.Nxg2 Re6 20.Qd3 f5 21.Bxg7 Kxg7 
22.f3 Qe8 23.Rce1 Ne3 24.Qd4+ Kf7 25.Nxe3 Rxe3 26.Qxb6 Rb8 27.Qxa5 Rxb2 
28.Rf2 Qe6 29.Qc5 Ra2 30.Qd4 h5 31.Qh8 Qf6 32.Qh6 Raxa3 33.Rb1 Ke6 34.Qf4 
g5 35.Qc4+ Kxd6 36.Rff1 Ke7 37.Rfd1 Qe6 38.Qd4 Re5 39.Qb4+ 1-0

[Event "15th EUR-ch (w)"]
[Site "Plovdiv BUL"]
[Date "2014.07.16"]
[Round "10.31"]
[White "Fuchs, Judith"]
[Black "Kulon, Klaudia"]
[Result "1-0"]
[WhiteElo "2280"]
[BlackElo "2341"]
[EventDate "2014.07.06"]
[PlyCount "90"]

1.e4 c5 2.Nf3 d6 3.d4 cxd4 4.Nxd4 Nf6 5.Nc3 Nc6 6.Bg5 e6 7.Qd2 a6 8.O-O-O 
Bd7 9.f4 b5 10.Bxf6 gxf6 11.Kb1 Qb6 12.Nxc6 Bxc6 13.Qe1 Ra7 14.f5 Qc5 15.
Qh4 Be7 16.Bd3 a5 17.Ne2 a4 18.c3 e5 19.a3 Rg8 20.Ng3 Qe3 21.Qxh7 Rg4 22.
Qh5 Rg5 23.Qf3 Qc5 24.h4 Rg7 25.Nh5 Rh7 26.g4 Bd8 27.Rhg1 Rd7 28.g5 d5 29.
gxf6 Rd6 30.Qg3 Rh8 31.Ng7+ Kd7 32.Ne6 Qb6 33.Qg7 Rxh4 34.Qxf7+ Kc8 35.Qf8
Ba8 36.Rg8 Rh2 37.Qxd6 Qxd6 38.Rxd8+ Qxd8 39.Nxd8 Kxd8 40.Bxb5 Rh6 41.Rg1 
Rxf6 42.Rg8+ Ke7 43.Rxa8 dxe4 44.Ra7+ Kf8 45.Rxa4 Rf7 1-0

[Event "15th EUR-ch (w)"]
[Site "Plovdiv BUL"]
[Date "2014.07.16"]
[Round "10.33"]
[White "Salimova, Nurgyul"]
[Black "Yildiz, Betul Cemre"]
[Result "0-1"]
[WhiteElo "1908"]
[BlackElo "2312"]
[EventDate "2014.07.06"]
[PlyCount "70"]

1.d4 Nf6 2.Nf3 e6 3.g3 c5 4.Bg2 cxd4 5.Nxd4 d5 6.O-O e5 7.Nb3 Nc6 8.Bg5 
Be6 9.e4 d4 10.c3 Qb6 11.Bxf6 gxf6 12.N1d2 Rd8 13.Qf3 Be7 14.Rfd1 a5 15.
cxd4 Nxd4 16.Nxd4 Rxd4 17.Nb3 Rb4 18.Rac1 O-O 19.Nd2 Rxb2 20.Nc4 Bxc4 21.
Rxc4 Bc5 22.Rf1 Rd8 23.Bh3 Kf8 24.Qf5 Rxa2 25.Bg4 Ke7 26.Rc3 a4 27.Bh5 
Rad2 28.Qxh7 Rf8 29.Qh6 Rxf2 30.Rxf2 Bxf2+ 31.Kg2 Bd4 32.Rf3 a3 33.Qc1 
Qb2+ 34.Qxb2 Bxb2 35.Rb3 Rb8 0-1

[Event "15th EUR-ch (w)"]
[Site "Plovdiv BUL"]
[Date "2014.07.16"]
[Round "10.34"]
[White "Ozturk, Kubra"]
[Black "Kazimova, Narmin"]
[Result "1/2-1/2"]
[WhiteElo "2311"]
[BlackElo "2180"]
[EventDate "2014.07.06"]
[PlyCount "156"]

1.d4 e6 2.Nf3 Nf6 3.c4 c5 4.Nc3 cxd4 5.Nxd4 Nc6 6.a3 d5 7.cxd5 Nxd5 8.Nxc6
bxc6 9.Qc2 Bd6 10.e4 Nb6 11.Be2 O-O 12.O-O Qh4 13.g3 Qe7 14.Be3 Rb8 15.b4 
f5 16.f4 e5 17.Rad1 exf4 18.Bxf4 Be5 19.Bd3 fxe4 20.Bxe5 Rxf1+ 21.Bxf1 
Qxe5 22.Rd8+ Kf7 23.Qxe4 Qxe4 24.Nxe4 Ra8 25.Bd3 h6 26.Nc5 Be6 27.Nxe6 
Kxe6 28.Rxa8 Nxa8 29.Be4 Kd6 30.b5 Nb6 31.bxc6 Nc4 32.a4 a5 33.Bd3 Ne5 34.
Bb5 Nxc6 35.Kf2 Nd4 36.Be8 Kc5 37.Ke3 Nb3 38.h4 Kb4 39.g4 Nc5 40.g5 hxg5 
41.hxg5 Ne6 42.g6 Nc5 43.Kd4 Nxa4 44.Ke5 Nc5 45.Kd6 Nd3 46.Ke6 Nf4+ 47.Ke5
Nh5 48.Kd4 a4 49.Bf7 a3 50.Kd3 Nf6 51.Kc2 Ng4 52.Kb1 Ne5 53.Ka2 Nc4 54.Be6
Nb6 55.Bf7 Na4 56.Kb1 Nc3+ 57.Kc2 Nb5 58.Kb1 Kc5 59.Ka2 Kb4 60.Kb1 Nc3+ 
61.Kc2 a2 62.Kb2 Kc5 63.Ka1 Kd6 64.Kb2 Ke5 65.Ka1 Kf6 66.Kb2 Ne4 67.Kxa2 
Nd6 68.Bd5 Kxg6 69.Kb2 Kf5 70.Kc2 Kf4 71.Kd2 Ne4+ 72.Ke1 Nc3 73.Bc6 g5 74.
Kf2 g4 75.Kg2 Nd1 76.Bd7 Ne3+ 77.Kg1 g3 78.Bc6 Ke5 1/2-1/2

[Event "15th EUR-ch (w)"]
[Site "Plovdiv BUL"]
[Date "2014.07.16"]
[Round "10.35"]
[White "Petrukhina, Irina"]
[Black "Golubenko, Valentina"]
[Result "1/2-1/2"]
[WhiteElo "2156"]
[BlackElo "2292"]
[EventDate "2014.07.06"]
[PlyCount "161"]

1.d4 Nf6 2.c4 c5 3.d5 g6 4.Nc3 d6 5.Nf3 Bg7 6.e4 O-O 7.Bd3 e6 8.h3 exd5 9.
cxd5 b5 10.Nxb5 Nxe4 11.Bxe4 Qa5+ 12.Nc3 Ba6 13.Qc2 Re8 14.Kd1 f5 15.Bd3 
c4 16.Be2 Nd7 17.Be3 Nc5 18.Re1 Rab8 19.Nd4 Bxd4 20.Bxd4 Nb3 21.axb3 Qxa1+
22.Kd2 Qa5 23.bxc4 Re4 24.Bxa7 Rb7 25.f3 Rxe2+ 26.Rxe2 Bxc4 27.Re8+ Kf7 
28.Rh8 Rxa7 29.Rxh7+ Kg8 30.Rxa7 Qxa7 31.b3 Qf2+ 32.Kc1 Qg1+ 33.Kb2 Bf1 
34.g4 Bxh3 35.gxf5 Bxf5 36.Qe2 Kf7 37.b4 Qd4 38.Kb3 Bd3 39.Qe6+ Kg7 40.
Qd7+ Kh6 41.Qc6 Qf2 42.b5 Qc2+ 43.Kb4 Qb2+ 44.Ka5 Qb3 45.Kb6 Bc4 46.Ne4 
Bxd5 47.Qxd6 Qe3+ 48.Qc5 Qxc5+ 49.Kxc5 Ba8 50.Kd4 g5 51.Ke5 Kg6 52.b6 Bc6 
53.Nd2 Ba8 54.Kd4 Kf5 55.Ke3 g4 56.fxg4+ Kxg4 57.Kd4 Kf5 58.Kc5 Ke6 59.Nc4
Kd7 60.Nd6 Bh1 61.Nc4 Kc8 62.Na5 Kb8 63.Kd6 Bg2 64.Kd7 Bf3 65.Kd6 Bg2 66.
Kc5 Bf3 67.Nc4 Bg2 68.Ne5 Bh1 69.Kb5 Bg2 70.Nd7+ Kc8 71.Nc5 Kb8 72.Na6+ 
Kb7 73.Nc7 Bf1+ 74.Ka5 Bg2 75.Nb5 Bf3 76.Nd6+ Kb8 77.Ka6 Be2+ 78.Nb5 Bxb5+
79.Kxb5 Kc8 80.Kc6 Kb8 81.b7 1/2-1/2

[Event "15th EUR-ch (w)"]
[Site "Plovdiv BUL"]
[Date "2014.07.16"]
[Round "10.36"]
[White "Mirzoeva, Elmira"]
[Black "Shadrina, Tatiana"]
[Result "0-1"]
[WhiteElo "2241"]
[BlackElo "2348"]
[EventDate "2014.07.06"]
[PlyCount "100"]

1.d4 d5 2.c4 c6 3.cxd5 cxd5 4.Nc3 Nf6 5.Bf4 Nc6 6.e3 Bf5 7.Qb3 Na5 8.Qa4+ 
Bd7 9.Qc2 Rc8 10.Bd3 b5 11.a3 e6 12.Nf3 Be7 13.O-O O-O 14.Ne5 Nc4 15.Rfc1 
a6 16.Qe2 Be8 17.h3 Nd7 18.Nf3 Ndb6 19.e4 dxe4 20.Qxe4 g6 21.Bxc4 bxc4 22.
Ne5 g5 23.Bh2 Bd6 24.Qe2 f6 25.Nf3 Bxh2+ 26.Nxh2 Rc6 27.Rd1 Bg6 28.Ne4 Qd5
29.f3 Qb5 30.Ng4 Nd5 31.Nc3 Qb7 32.Nxd5 exd5 33.Re1 Rb6 34.h4 h5 35.Nf2 
gxh4 36.Nh3 Rxb2 37.Qe6+ Qf7 38.Qd6 Kh8 39.Nf4 Bh7 40.Re7 Qg8 41.Rae1 h3 
42.R1e2 Rxe2 43.Rxe2 c3 44.Re7 c2 45.Rc7 Rf7 46.Nxh3 Qb8 47.Ng5 Qxc7 48.
Nxf7+ Qxf7 49.Qc6 Qe7 50.Kh2 Kg7 0-1

[Event "15th EUR-ch (w)"]
[Site "Plovdiv BUL"]
[Date "2014.07.16"]
[Round "10.37"]
[White "Tsolakidou, Stavroula"]
[Black "Ptacnikova, Lenka"]
[Result "1-0"]
[WhiteElo "2157"]
[BlackElo "2310"]
[EventDate "2014.07.06"]
[PlyCount "89"]

1.e4 g6 2.d4 Bg7 3.Nf3 d6 4.Bc4 c6 5.O-O d5 6.Bb3 Bg4 7.h3 Bxf3 8.Qxf3 e6 
9.c3 dxe4 10.Qxe4 Nf6 11.Qf3 O-O 12.Bg5 Nbd7 13.Re1 a5 14.Nd2 Qb6 15.Nc4 
Qb5 16.Bf4 Nd5 17.Nd6 Qa6 18.Bg3 Rad8 19.Rad1 N7f6 20.c4 Ne7 21.Be5 Ne8 
22.Ne4 Nf5 23.Qc3 Qa7 24.Bxg7 Nexg7 25.Nf6+ Kh8 26.d5 exd5 27.cxd5 c5 28.
g4 Nd4 29.Rxd4 cxd4 30.Qg3 Qb6 31.Qh4 Nh5 32.gxh5 g5 33.Qe4 Qxf6 34.Bc2 
Qg7 35.Qf5 f6 36.Re6 Qd7 37.d6 Rf7 38.Bb3 Kg7 39.h6+ Kf8 40.Qe4 Qc6 41.
Qxd4 Qc1+ 42.Kg2 Qf4 43.Qd5 Rdd7 44.Qc5 Rd8 45.d7+ 1-0

[Event "15th EUR-ch (w)"]
[Site "Plovdiv BUL"]
[Date "2014.07.16"]
[Round "10.39"]
[White "Azimova, Karina"]
[Black "Manakova, Maria"]
[Result "1/2-1/2"]
[WhiteElo "2033"]
[BlackElo "2273"]
[EventDate "2014.07.06"]
[PlyCount "90"]

1.e4 e6 2.Nf3 d5 3.Nc3 Nf6 4.exd5 exd5 5.d4 Be7 6.Bd3 O-O 7.O-O Bg4 8.h3 
Bh5 9.g4 Bg6 10.Ne5 Bxd3 11.Qxd3 c6 12.Bf4 Nbd7 13.Rfe1 Nxe5 14.Bxe5 Bb4 
15.Re2 Bxc3 16.Bxf6 Qxf6 17.Qxc3 Rae8 18.Rae1 Rxe2 19.Rxe2 h5 20.Qe3 hxg4 
21.hxg4 Qg6 22.Qg3 f6 23.Kg2 a5 24.c3 Re8 25.Rxe8+ Qxe8 26.Qe3 Qd7 27.Kg3 
a4 28.a3 Kf7 29.f4 g6 30.Qe2 Qd6 31.Kf3 g5 32.fxg5 fxg5 33.Kg2 Qf4 34.Qf3 
Kf6 35.Qf2 Kg6 36.Qe2 Kf6 37.Qf2 b6 38.Qf3 c5 39.Qf2 Kg6 40.Qc2+ Kg7 41.
Qe2 Kf7 42.Qf3 Kf6 43.Qf2 Kg6 44.Qe2 Kf6 45.Qf2 Kg6 1/2-1/2

[Event "15th EUR-ch (w)"]
[Site "Plovdiv BUL"]
[Date "2014.07.16"]
[Round "10.40"]
[White "Sazonova, Anastasia"]
[Black "Ionescu, Irina"]
[Result "1/2-1/2"]
[WhiteElo "2082"]
[BlackElo "2253"]
[EventDate "2014.07.06"]
[PlyCount "121"]

1.e4 g6 2.d4 Bg7 3.Nc3 a6 4.a4 d6 5.g3 Nc6 6.Be3 e5 7.dxe5 Nxe5 8.h3 Be6 
9.f4 Nc6 10.Bg2 Nge7 11.Nge2 Qd7 12.Nd4 O-O-O 13.Qd2 Rhe8 14.O-O-O Nb4 15.
Kb1 c5 16.Nxe6 Qxe6 17.Rhe1 Bxc3 18.Qxc3 Qa2+ 19.Kc1 Qxa4 20.Kd2 f5 21.Ra1
Qc6 22.Bf2 Ng8 23.Qf3 Nf6 24.exf5 Qxf3 25.Bxf3 gxf5 26.c3 Nbd5 27.Kd3 Kc7 
28.Rxe8 Rxe8 29.Re1 Rxe1 30.Bxe1 b5 31.Bd2 h5 32.c4 bxc4+ 33.Kxc4 Nb6+ 34.
Kd3 d5 35.Bc3 Nbd7 36.Bd1 Kd6 37.Ba5 Ke6 38.Ke3 Ke7 39.Be2 Ne4 40.Bxh5 
Nxg3 41.Bf3 Nf6 42.Be1 Ngh5 43.Be2 d4+ 44.Kf3 Nd5 45.Bd2 a5 46.Bc4 Nb4 47.
b3 Kd6 48.Be1 Nd5 49.Bd2 Nc3 50.Bd3 Ng7 51.Be1 Kd5 52.Bc4+ Kc6 53.Bd3 Kb6 
54.Bh4 a4 55.bxa4 Nxa4 56.Bf6 Nb2 57.Bb1 Nc4 58.Bd3 Nb2 59.Bb1 Nc4 60.Bd3 
Nb2 61.Bb1 1/2-1/2

[Event "15th EUR-ch (w)"]
[Site "Plovdiv BUL"]
[Date "2014.07.16"]
[Round "10.41"]
[White "Amrayeva, Aytan"]
[Black "Topel, Zehra"]
[Result "1-0"]
[WhiteElo "2065"]
[BlackElo "2170"]
[EventDate "2014.07.06"]
[PlyCount "83"]

1.c4 g6 2.Nc3 Bg7 3.g3 d6 4.Bg2 e5 5.d3 f5 6.Nf3 Nf6 7.O-O c6 8.Rb1 O-O 9.
e4 h6 10.Nh4 Kh7 11.exf5 gxf5 12.d4 Qe7 13.dxe5 dxe5 14.Bh3 Ng8 15.Qh5 Qf6
16.b3 Be6 17.Rd1 Na6 18.Ba3 Qg5 19.Qxg5 hxg5 20.Bxf8 Rxf8 21.Nf3 Bf6 22.
Bg2 Nb4 23.Rd6 Bc8 24.h4 gxh4 25.Nxh4 e4 26.Ne2 Nd3 27.Rd1 Be7 28.R6xd3 
exd3 29.Rxd3 Nf6 30.Nf4 Bc5 31.Bf3 Ne4 32.Nh3 Rg8 33.Kf1 Kh6 34.Ng2 Kg7 
35.Ngf4 Kf6 36.Nh5+ Ke5 37.N5f4 b5 38.cxb5 cxb5 39.Rd5+ Kf6 40.Bxe4 fxe4 
41.Rxc5 e3 42.fxe3 1-0

[Event "15th EUR-ch (w)"]
[Site "Plovdiv BUL"]
[Date "2014.07.16"]
[Round "10.42"]
[White "Galoian, Lilit"]
[Black "Paramzina, Anastasia"]
[Result "1-0"]
[WhiteElo "2277"]
[BlackElo "2117"]
[EventDate "2014.07.06"]
[PlyCount "75"]

1.c4 e6 2.g3 d5 3.Bg2 Nf6 4.Nf3 dxc4 5.Qa4+ Nbd7 6.Qxc4 a6 7.Qb3 c5 8.a4 
Rb8 9.a5 Bd6 10.d3 b5 11.axb6 Nxb6 12.O-O O-O 13.Na3 e5 14.Qc2 Bb7 15.e4 
Ne8 16.Be3 Qe7 17.Rfc1 Rc8 18.Nd2 Nd7 19.Nac4 Nc7 20.Nxd6 Qxd6 21.Nc4 Qe6 
22.Na5 Ba8 23.Qc4 Qd6 24.Nb3 Nb5 25.Nxc5 Nb6 26.Qc2 Nd4 27.Bxd4 Qxd4 28.
Qc3 Qd6 29.Rxa6 Kh8 30.Qa5 Rc6 31.b4 Bb7 32.Ra7 Bc8 33.Nb3 h5 34.Rxc6 Qxc6
35.Qxe5 Qc2 36.Qc5 Qd1+ 37.Bf1 Kg8 38.Qxb6 1-0

[Event "15th EUR-ch (w)"]
[Site "Plovdiv BUL"]
[Date "2014.07.16"]
[Round "10.43"]
[White "Olsarova, Karolina"]
[Black "Mammadova, Narmin"]
[Result "1-0"]
[WhiteElo "2274"]
[BlackElo "2019"]
[EventDate "2014.07.06"]
[PlyCount "115"]

1.e4 Nf6 2.e5 Nd5 3.d4 d6 4.Nf3 c6 5.Bc4 e6 6.O-O Be7 7.a3 dxe5 8.dxe5 Nd7
9.Re1 a6 10.Nbd2 b5 11.Bf1 Bb7 12.c4 N5b6 13.Qc2 h6 14.b3 Rc8 15.Bb2 O-O 
16.Ne4 bxc4 17.bxc4 c5 18.Rad1 Qc7 19.Bd3 Bc6 20.Qe2 Na4 21.Ba1 Rfd8 22.
Qe3 Bxe4 23.Qxe4 Nf8 24.Rb1 Rb8 25.Bc2 Qa5 26.Rb7 Bg5 27.h4 Rxb7 28.Qxb7 
Bd2 29.Rd1 Nc3 30.Bxc3 Qxc3 31.Qe4 Qa5 32.Rxd2 Rxd2 33.Qe1 Qxa3 34.Qxd2 a5
35.Qd1 Qc3 36.Bb3 Ng6 37.g3 Nxe5 38.Nxe5 Qxe5 39.Qd8+ Kh7 40.Qxa5 Qb2 41.
Qa2 Qd4 42.Qe2 Qd6 43.Bc2+ f5 44.h5 Kg8 45.Qd3 Qe7 46.Ba4 Qf6 47.Be8 Qa1+ 
48.Qf1 Qd4 49.Bg6 Kf8 50.Qc1 Ke7 51.Qf4 Qd1+ 52.Kg2 Kf6 53.Qc7 Qe2 54.Qxc5
Qe4+ 55.Kh2 Qd3 56.Qf8+ Kg5 57.Qxg7 Kg4 58.Bxf5+ 1-0

[Event "15th EUR-ch (w)"]
[Site "Plovdiv BUL"]
[Date "2014.07.16"]
[Round "10.44"]
[White "Dragomirescu, Angela"]
[Black "Bokuchava, Madona"]
[Result "0-1"]
[WhiteElo "2251"]
[BlackElo "2027"]
[EventDate "2014.07.06"]
[PlyCount "84"]

1.d4 f5 2.g3 Nf6 3.Bg2 e6 4.c4 c6 5.Nf3 d5 6.Qc2 Bd6 7.O-O O-O 8.b3 Qe7 9.
Bb2 b6 10.Ne5 Bb7 11.Nc3 Nbd7 12.cxd5 exd5 13.f4 g6 14.a4 a5 15.Qc1 Rac8 
16.Ba3 Bb4 17.Bxb4 axb4 18.Na2 c5 19.Qb2 Nxe5 20.fxe5 Ne4 21.e3 Ba6 22.
Rfe1 h5 23.Rad1 Rcd8 24.Bf1 Bxf1 25.Rxf1 h4 26.gxh4 Qxh4 27.Qg2 Kf7 28.Nc1
Rh8 29.Ne2 Rh5 30.Rf4 Qh3 31.Ng3 Qxg2+ 32.Kxg2 Rg5 33.Rff1 Ke6 34.Kf3 Rh8 
35.Kg2 c4 36.bxc4 dxc4 37.Kf3 Kd5 38.Rh1 c3 39.Rdg1 b3 40.h4 Rxg3+ 41.Rxg3
Nxg3 42.Kxg3 b2 0-1

[Event "15th EUR-ch (w)"]
[Site "Plovdiv BUL"]
[Date "2014.07.16"]
[Round "10.46"]
[White "Pavlidou, Ekaterini"]
[Black "Ivanova, Simoneta"]
[Result "1/2-1/2"]
[WhiteElo "2209"]
[BlackElo "2038"]
[EventDate "2014.07.06"]
[PlyCount "99"]

1.d4 Nf6 2.c4 e6 3.Nf3 Bb4+ 4.Bd2 Qe7 5.g3 Bxd2+ 6.Nbxd2 d6 7.Bg2 a5 8.O-O
Nc6 9.e4 e5 10.d5 Nb8 11.Rc1 Bg4 12.Qc2 Nfd7 13.b3 Na6 14.a3 O-O 15.Rfe1 
c6 16.dxc6 bxc6 17.Nf1 Ndc5 18.N3d2 Ne6 19.Ne3 Nd4 20.Qc3 Qd7 21.f4 Bh3 
22.fxe5 dxe5 23.c5 Bxg2 24.Kxg2 Nc7 25.a4 Nce6 26.Ndc4 Qc7 27.Nd6 Qe7 28.
Nef5 Qg5 29.h4 Qg4 30.Nxd4 exd4 31.Qd2 Rab8 32.Rb1 Nxc5 33.Qxd4 Nxb3 34.
Qc3 Qe6 35.Nf5 f6 36.Re3 g6 37.Rxb3 gxf5 38.exf5 Qxf5 39.Qxc6 Rxb3 40.Qc4+
Kh8 41.Qxb3 Rd8 42.Re2 Qd5+ 43.Qxd5 Rxd5 44.Kf3 Kg7 45.g4 h5 46.gxh5 Rxh5 
47.Re4 Kg6 48.Rc4 Rd5 49.Ke4 Rh5 50.Kf3 1/2-1/2

[Event "15th EUR-ch (w)"]
[Site "Plovdiv BUL"]
[Date "2014.07.16"]
[Round "10.47"]
[White "Avramidou, Anastasia"]
[Black "Khalafova, Narmin"]
[Result "1-0"]
[WhiteElo "2007"]
[BlackElo "2191"]
[EventDate "2014.07.06"]
[PlyCount "63"]

1.d4 Nf6 2.c4 g6 3.Nc3 Bg7 4.e4 d6 5.Nf3 O-O 6.h3 a6 7.Bg5 c5 8.d5 Qa5 9.
Bd3 b5 10.O-O bxc4 11.Bxc4 Nbd7 12.Qe2 Rb8 13.Bb3 Rb4 14.Nd2 Qc7 15.Rfe1 
a5 16.Rab1 Qa7 17.a3 Ba6 18.Bc4 Bxc4 19.Nxc4 Rb7 20.a4 Nb6 21.Nb5 Qa6 22.
b3 Nxc4 23.bxc4 Re8 24.Bxf6 Bxf6 25.f4 e6 26.Qd2 Bh4 27.Rf1 e5 28.f5 Rf8 
29.f6 g5 30.g3 Kh8 31.gxh4 gxh4 32.Kh2 1-0

[Event "15th EUR-ch (w)"]
[Site "Plovdiv BUL"]
[Date "2014.07.16"]
[Round "10.48"]
[White "Isgandarova, Khayala"]
[Black "Vasova, Maria"]
[Result "1/2-1/2"]
[WhiteElo "2184"]
[BlackElo "1991"]
[EventDate "2014.07.06"]
[PlyCount "125"]

1.e4 c6 2.d4 d5 3.Nc3 dxe4 4.Nxe4 Bf5 5.Ng3 Bg6 6.h4 h6 7.Nf3 Nd7 8.h5 Bh7
9.Bd3 Bxd3 10.Qxd3 e6 11.Bf4 Qa5+ 12.Bd2 Qc7 13.O-O-O O-O-O 14.Qe2 Bd6 15.
Ne4 Bf4 16.g3 Bxd2+ 17.Rxd2 Ne7 18.c4 Kb8 19.Kb1 Rhf8 20.Nc3 Qa5 21.g4 Nb6
22.Rhd1 Na4 23.Nxa4 Qxa4 24.Qe5+ Ka8 25.b3 Qa3 26.Qxg7 f5 27.Qxh6 fxg4 28.
Ne5 Nf5 29.Qf4 a5 30.Qxg4 a4 31.Rb2 Rg8 32.Qe4 Rg7 33.h6 Rh7 34.Rd3 Qf8 
35.bxa4 Qxh6 36.Nxc6 Qh1+ 37.Qxh1 Rxh1+ 38.Kc2 bxc6 39.Kc3 Rc1+ 40.Kb4 
Rb8+ 41.Ka3 Rxb2 42.Kxb2 Rxc4 43.Rc3 Rxc3 44.Kxc3 Kb7 45.Kc4 Nd6+ 46.Kb4 
Ne4 47.f3 Ng5 48.f4 Nh3 49.a5 Nxf4 50.Kc5 Nd3+ 51.Kd6 Nb4 52.Kxe6 Nxa2 53.
Kd6 Nb4 54.Kc5 Na6+ 55.Kd6 Nc7 56.Kc5 Ne6+ 57.Kc4 Nf4 58.Kc5 Kc7 59.a6 
Ne6+ 60.Kc4 Kb6 61.d5 cxd5+ 62.Kxd5 Kxa6 63.Kxe6 1/2-1/2

[Event "15th EUR-ch (w)"]
[Site "Plovdiv BUL"]
[Date "2014.07.16"]
[Round "10.49"]
[White "Blagojevic, Tijana"]
[Black "Sop, Selen"]
[Result "1-0"]
[WhiteElo "2154"]
[BlackElo "1970"]
[EventDate "2014.07.06"]
[PlyCount "115"]

1.e4 c5 2.Nf3 d6 3.Bb5+ Nc6 4.Bxc6+ bxc6 5.O-O Bg4 6.h3 Bh5 7.Re1 e5 8.c3 
Nf6 9.d4 cxd4 10.cxd4 Qc7 11.dxe5 dxe5 12.Nbd2 Rd8 13.Qb3 Bc5 14.Nh4 O-O 
15.Nc4 Bg6 16.Nxg6 hxg6 17.Bd2 Rb8 18.Qc2 Bd4 19.Rac1 c5 20.b3 Qe7 21.Nb2 
Rfc8 22.Bc3 Qe6 23.Qe2 Nh5 24.Rc2 Nf4 25.Qf3 Qa6 26.Nc4 Qe6 27.Rec1 Rd8 
28.Ba5 Rd7 29.Kh2 f6 30.Bd2 g5 31.Na5 g6 32.Be3 g4 33.Qxg4 Qxg4 34.hxg4 
Bxe3 35.fxe3 Ne6 36.Rf1 Kg7 37.Rfc1 Rbd8 38.g5 Nxg5 39.Rxc5 Rh8+ 40.Kg1 
Nxe4 41.Rc7 Rd8 42.Nb7 Kh6 43.Nxd8 Rxd8 44.Rxa7 Kg5 45.Rh7 Rd2 46.a4 Kg4 
47.Rc4 f5 48.a5 Kg5 49.Rxe4 fxe4 50.a6 Ra2 51.a7 Kg4 52.Kh2 g5 53.b4 Kf5 
54.b5 Ra3 55.b6 g4 56.Rh8 Rxe3 57.a8=Q g3+ 58.Kh3 1-0